Statistiken für Länder Südamerikas nach Tourismus

Klicken Sie hier um das Quiz zu spielen!

Allgemein

  • Dieses Quiz wurde 110 mal gespielt
  • Das Durchschnittsergebnis liegt bei 11 aus 12

Antwortstatistiken

BesucherLand% Korrekt
6,9Argentinien
100%
6,6Brasilien
100%
5,7Chile
98%
4,4Peru
95%
3,9Kolumbien
92%
2,4Ecuador
91%
3,5Uruguay
91%
1,2Paraguay
87%
0,6Venezuela
82%
0,25Guyana
80%
0,28Suriname
80%
1,1Bolivien
79%

Verteilung der Resultate

Perzentil nach korrekt beantworteten Fragen

Anzahl Personen mit jedem Resultat

Ihre Resultats-Entwicklung

Sie haben dieses Quiz noch nicht gespielt